000 00727cam a2200205 4500
001 WB3631-13
008 000000n2000 000 0 eng u
035 _a(Sirsi) u107716
245 _aFlexibility needed for Scottish industrial market
260 _c2000
490 _aScotsman
_v8 August 2000, 22(2)
520 _aThis article argues that a stronger Scottish Enterprise role is needed following the move to private landlords in recent years, In order to accommodate Scottish industrial tenants expansion requirements.
590 _aWB
650 _aSCOTLAND
650 _aINDUSTRIAL MARKET
650 _aPRIVATE LANDLORDS
650 _aSCOTTISH ENTERPRISE
690 _aPROPERTY-COMMERCIAL PROPERTY
942 _n0
999 _c64342
_d64342